Musical Term Quiz - Statistics

General Stats
  • This quiz has been taken 2,909 times
  • The average score is 7 of 15
Answer Stats
Hint Answer % Correct
Loud dynamic forte
89%
Short detached note staccato
83%
The closing section of a movement coda
73%
To gradually get softer decrescendo
72%
At a walking speed andante
64%
Sweetly dolce
53%
To hold a note longer than what is written fermata
51%
Little by little poco a poco
49%
An extra note added as an embellishment and not essential to the harmony or melody grace note
39%
When different parts are performing the same melody and at the same pitch, but at different times simultaneously canon
38%
Performed in a lively, spirited manner vivace
36%
In a smooth singing manner cantabile
34%
Primary subject that is developed throughout a piece motif
29%
Strongly accented sforzando
27%
With liberty ad lib
12%
No matching quizzes found
Score Distribution
Percent of People with Each Score
Percentile by Number Answered
Your Score History
You have not taken this quiz